000 00302nam a2200121 a 4500
005 20141022142006.0
008 080929s19uu xx 00 eng d
050 _aCD
_bC63 1992
245 _aPrinciple centered leadership.
650 _aCD.
650 _aPrinciple centered leadership.
942 _cAVM
999 _c276520
_d276520